000 01085cam a2200145 4500500
005 20260329050450.0
041 _afre
042 _adc
100 1 0 _aAudisio, Gabriel
_eauthor
700 1 0 _aRambaud, Isabelle
_eauthor
245 0 0 _aLire le français d'hier : Manuel de paléographie moderne XVe-XVIIIe siècle
260 _bArmand Colin,
_c2023.
520 _aLe présent ouvrage se veut un manuel de paléographie. La paléographie étant la science de l’écriture ancienne et le manuel un livre pratique, il vise, à l’aide de nombreux exemples, à initier le débutant à l’écriture manuscrite française des XVe-XVIIIe siècles. En découvrant et en apprivoisant la forme particulière de certaines lettres, les ligatures, les déformations dues à une écriture de plus en plus cursive, les abréviations des mots les plus usités, chacun peut maîtriser cette « science » qui n’est qu’une « technique » et lire le français d’hier.
856 4 1 _uhttps://shs.cairn.info/lire-le-francais-d-hier--9782200635701?lang=fr&redirect-ssocas=7080
999 _c1994909
_d1994909